|
|
|
|
| LEADER |
00000nas a2200000 i 4500 |
| 001 |
ssj0003325 |
| 003 |
WaSeSS |
| 005 |
20200512172242.0 |
| 006 |
m d |
| 007 |
cr n |
| 008 |
120119c19719999paumr p s 0 a0eng |
| 010 |
|
|
|a 2014202276
|z 2012210600
|
| 016 |
7 |
|
|a 7702637
|2 DNLM
|
| 016 |
7 |
|
|a E17960000
|2 DNLM
|
| 022 |
|
|
|a 2373-2881
|y 0046-9157
|
| 035 |
|
|
|a (WaSeSS)ssj0003325
|
| 040 |
|
|
|a DLC
|b eng
|c DLC
|d DLC
|d OCLCQ
|d OCLCF
|d DLC
|d OCLCO
|d CUS
|d OCLCA
|d OCLCQ
|d AU@
|d VT2
|d UAB
|d U3W
|d CUS
|d WaSeSS
|
| 042 |
|
|
|a pcc
|a nsdp
|
| 050 |
1 |
4 |
|a HQ773
|
| 082 |
0 |
0 |
|a 649.1/5/105
|2 23
|
| 222 |
|
0 |
|a Exceptional parent
|b (Online)
|
| 245 |
0 |
0 |
|a Exceptional parent
|h [electronic resource].
|
| 246 |
3 |
|
|a EP
|
| 260 |
|
|
|a Johnstown, PA :
|b EP Global Communications Inc.
|
| 310 |
|
|
|a Eleven times per year
|
| 362 |
1 |
|
|a Print began with v. 1 (June/July 1971).
|
| 506 |
|
|
|a License restrictions may limit access.
|
| 588 |
|
|
|a Description based on: Vol. 36, issue 1 (Jan 2006); title from journal home page (EBSCOhost website, viewed October 6, 2019).
|
| 588 |
|
|
|a Latest issue consulted: Volume 49, issue 9 (Sep 2019) (viewed October 6, 2019).
|
| 650 |
|
0 |
|a Exceptional children
|v Periodicals.
|
| 650 |
|
0 |
|a Child rearing
|v Periodicals.
|
| 650 |
|
7 |
|a Child rearing.
|2 fast
|0 (OCoLC)fst00854588
|
| 650 |
|
7 |
|a Exceptional children.
|2 fast
|0 (OCoLC)fst00917602
|
| 655 |
|
0 |
|a Electronic journals.
|
| 776 |
0 |
8 |
|i Print version, -2010:May:
|t Exceptional parent
|x 0046-9157
|w (DLC)sn 82021596
|w (OCoLC)974895
|
| 850 |
|
|
|a DLC
|
| 856 |
4 |
0 |
|z Full text available from Research Library: 01/01/1988 to 05/31/2010
|u https://search.proquest.com/publication/47516
|
| 856 |
4 |
0 |
|z Full text available from Research Library: 06/01/2010 to present
|u https://search.proquest.com/publication/426721
|